| 000 | 01459cam a2200385 a 4500 | ||
|---|---|---|---|
| 001 | 13288881 | ||
| 003 | GBCCL | ||
| 005 | 20241126110352.0 | ||
| 008 | 030415s2002 ii a b 100 0 eng | ||
| 010 | _a 2003307472 | ||
| 020 | _a8172147104 | ||
| 025 | _aI-E-2003-307472; 13; 70-13 | ||
| 035 | _a(DLC) 2003307472 | ||
| 037 |
_bLibrary of Congress -- New Delhi Overseas Office _cRs125.00 ($12.00 U.S.) |
||
| 040 |
_aDLC _cDLC |
||
| 042 | _alcode | ||
| 050 | 0 | 0 |
_aBV675 _b.F46 2001 |
| 082 |
_a270.082 _bFEM |
||
| 111 | 2 |
_aFeminist Biblical Hermeneutics Workshop _d(2001 : _cBangalore, India) _91820 |
|
| 245 | 1 | 0 |
_aFeminist hermeneutics / _cedited by Lalrinawmi Ralte, Evangeline Anderson-Rajkumar. |
| 260 |
_aDelhi : _bIWIT/ISPCK, _c2002. |
||
| 300 |
_a164 p. : _bill. (some col.) ; _c23 cm. |
||
| 504 | _aIncludes bibliographical references. | ||
| 520 | _aPapers presented at the Feminist Biblical Hermeneutics Workshop held in May 2001, Bangalore, India. | ||
| 650 | 0 |
_aOrdination of women _xChristianity _vCongresses. _91821 |
|
| 650 | 0 |
_aWomen in church _vCongresses. _91822 |
|
| 650 | 0 |
_aWomen clergy _vCongresses. _91823 |
|
| 700 | 1 |
_aRalte, Lalrinawmi. _9895 |
|
| 700 | 1 |
_aAnderson-Rajkumar, Evangeline. _91824 |
|
| 710 | 2 |
_aIndian Women in Theology (Bangalore, India) _91825 |
|
| 710 | 2 |
_aI.S.P.C.K. (Organization) _9393 |
|
| 906 |
_a7 _bcbc _corigode _d3 _encip _f20 _gy-gencatlg |
||
| 942 |
_2ddc _cBK _07 |
||
| 999 |
_c1048 _d1048 |
||